00522nam a2200193 a 4500001001300000003000900013005001700022008004100039020002200080082001300102100002200115245005900137260003800196300000900234500003500243505001000278650001800288700002200306nice12345678IN_TiNIC20260116012319.0050524s0000 dela grp 000 0 eng  a8185119 c8100a954bKNI aKnighton, William aNawab Nasiruddin Hyder of Oudh (his Life and Pastimes) aDelhibNorthern Book Centrec0000 a187p aincludes index and biblioraphy2 aIndex aIndia-History1 aKnighton, William